Señalización para obras viales
Kaydedildi:
| Yazar: | |
|---|---|
| Diğer Yazarlar: | |
| Materyal Türü: | Kitap |
| Baskı/Yayın Bilgisi: |
San José, Costa Rica
1998
|
| Konular: | |
| Etiketler: |
Etiketle
Etiket eklenmemiş, İlk siz ekleyin!
|
MARC
| LEADER | 00000nam a2200000Ia 4500 | ||
|---|---|---|---|
| 003 | 008624 | ||
| 005 | 20240110114125.0 | ||
| 008 | 140114s1999 cr a m 000 ||s d | ||
| 040 | |c cru CEDI | ||
| 090 | |a TFG 3943 | ||
| 100 | |a Arguedas Calderón, Joyce, 1974- |9 2129 | ||
| 245 | |a Señalización para obras viales | ||
| 260 | |a San José, Costa Rica |c 1998 | ||
| 300 | |a 136 hojas : ilustraciones a color | ||
| 500 | |a Proyecto de graduación (licenciatura en ingeniería civil)--Universidad de Costa Rica. Facultad de Ingeniería. Escuela de Ingeniería Civil | ||
| 501 | |a Director de Proyecto de Graduación: Ing. Marcos Rodríguez Mora | ||
| 650 | |x SEÑALES DE TRANSITO - COSTA RICA |x CARRETERAS - MANTENIMIENTO Y REPARACION |9 8758 | ||
| 700 | |a Rodríguez Mora, Marcos Eddy, 1964- |d Director del TFG |9 984 | ||
| 942 | |c TFG |h TFG 3943 |i 008624 |6 TFG_3943_008624000000000 | ||
| 999 | |c 18522 |d 18522 | ||
